000 00355nam a2200145Ia 4500
008 230711s9999||||xx |||||||||||||| ||und||
041 _aENG
082 _a4
_bCH-A
100 _aCheng,David K
245 0 _aAnalysis of linear system
250 _a1st
260 _c1989
_aNew Delhi
_bNarosa Publishing House
650 _aComputer Engineering
942 _cBK
999 _c3204
_d3204